|
|
|
|
| LEADER |
00000nam a2200000 a 4500 |
| 001 |
vtls010069928 |
| 003 |
SK-MaSNL |
| 005 |
20260301150542.0 |
| 007 |
co cg anuua |
| 008 |
251029s2009 xo ol fsp 000 0 slo |
| 015 |
|
|
|a SNBS2010/03-01882
|
| 020 |
|
|
|a 9788089337033
|q (elektronická kniha)
|
| 040 |
|
|
|a SNK
|b slo
|c SNK
|e AACR2
|
| 041 |
0 |
|
|a slo
|
| 044 |
|
|
|a xo
|c SK
|
| 072 |
|
7 |
|a 544
|x Fyzikálna chémia
|2 konspekt
|
| 080 |
|
|
|a 539.16
|2 2001
|
| 080 |
|
|
|a 544.582
|2 2001
|
| 080 |
|
|
|a (075.8)
|2 2001
|
| 080 |
|
|
|a (0.034.44)
|2 2001
|
| 080 |
|
|
|a 544.58
|2 2001
|
| 100 |
1 |
|
|a Macášek, Fedor,
|d 1937-2015
|4 aut
|9 235329
|
| 245 |
1 |
0 |
|a Jadrová chémia
|n 1
|h elektronický zdroj
|c Fedor Macášek
|
| 250 |
|
|
|a [1. vyd.]
|
| 260 |
|
|
|a Bratislava
|b Omega Info
|c 2009
|
| 300 |
|
|
|a 1 elektronický optický disk (CD-ROM)
|c 12 cm
|
| 490 |
1 |
|
|a Séria Omega Info: Štúdie v jadrovej chémii a rádioekológii
|v 10
|
| 500 |
|
|
|a Názov z titulnej obrazovky
|
| 516 |
|
|
|a Textový dokument (učebnica), súbory v rôznych formátoch (pdf, ppt, doc, avi)
|
| 538 |
|
|
|a Technické požiadavky: Adobe Reader, Microsoft Office PowerPoint, Windows Media Player, textový editor
|
| 650 |
0 |
7 |
|a jadrová chémia
|2 SNKPH
|9 68191
|
| 650 |
0 |
7 |
|a rádioaktivita
|2 SNKPH
|9 23119
|
| 650 |
0 |
7 |
|a chémia izotopov
|2 SNKPH
|9 50237
|
| 655 |
|
7 |
|a elektronické zdroje
|2 SNKPH
|9 90954
|
| 655 |
|
7 |
|a CD-ROM
|2 SNKPH
|9 70236
|
| 655 |
|
7 |
|a učebnice vysokých škôl
|2 SNKPH
|9 70191
|
| 830 |
|
0 |
|a Séria Omega Info: Štúdie v jadrovej chémii a rádioekológii
|9 324610
|
| 919 |
|
|
|a 978-80-89337-03-3
|
| 999 |
|
|
|c 783939
|d 785869
|
| 952 |
|
|
|a SNK
|b SNK
|y PREZ
|7 0
|p 17A0646584
|o snkSCDM 2585/1
|i snk2010/3945
|8 0
|0 0
|1 0
|4 0
|d 2010-03-01
|l 0
|r 2026-02-24 01:12:52
|w 2026-02-24
|
| 952 |
|
|
|t snkJAD 544.582
|a SNKMST
|b SNKMST
|y PREZ
|7 0
|p 17A0646585
|o snkSCDM 2585/1 D1
|i snk2010/3946
|8 0
|0 0
|1 0
|4 0
|d 2010-03-01
|l 0
|r 2025-08-11 00:00:00
|w 2026-02-24
|